Štúdium dynamického správania systémov s imobilizovanými enzýmami pomocou prietokovej mikrokalorimetrie : Obh. 25.5.1998 /

Salvato in:
Dettagli Bibliografici
Autore principale: Kohutovičová, Erika (Autore)
Natura: Manoscritto Libro
Lingua:slovacco
Pubblicazione: Bratislava : STU v Bratislave ChtF, 1998
Tags: Aggiungi Tag
Nessun Tag, puoi essere il primo ad aggiungerne!!

MARC

LEADER 00000ntm a22000003a 4500
001 stu33879
005 20150617225733.7
008 980914s1998----xo------------------slo-d
040 |a STU  |b slo 
041 0 |a slo 
044 |a xo 
100 1 |a Kohutovičová, Erika  |4 aut 
245 1 |a Štúdium dynamického správania systémov s imobilizovanými enzýmami pomocou prietokovej mikrokalorimetrie :  |b Obh. 25.5.1998 /  |c [aut.]Kohutovičová,Erika 
260 |a Bratislava :  |b STU v Bratislave ChtF,  |c 1998 
300 |a 96 s :  |b Tab.,grafy,lit 
500 |a Zameranie: Chemické inžinierstvo 
996 |b CD12633  |c C*D12633  |l CCI  |s A  |a 24  |w stu33879_0001